Normal view
MARC view
- Kreitner, Robert
Entry Personal Name
001 - CONTROL NUMBER
- control field: 107003
003 - CONTROL NUMBER IDENTIFIER
- control field: NUST
005 - DATE AND TIME OF LATEST TRANSACTION
- control field: 20230118140713.0
008 - FIXED-LENGTH DATA ELEMENTS
- fixed length control field: 230118|| aca||aabn | a|a d
040 ## - CATALOGING SOURCE
- Original cataloging agency: NUST
- Transcribing agency: NUST
100 ## - HEADING--PERSONAL NAME
- Personal name: Kreitner, Robert
670 ## - SOURCE DATA FOUND
- Source citation: Work cat.: (NUST)188958: Kreitner, Robert., Management, a problem-solving Process /, c1980.
